{"text_format":"3","workbook":"xlsx","n_sheets":1,"sheets":["Sheet1"],"read":"whole","date_system":"1900"}

{"sheet":"Sheet1","index":0,"n_rows":16,"n_cols":8,"rows_kept":16,"merged":[[0,0,1,7],[15,0,15,5],[16,0,16,7]]}
["社会服务系2024年酒店服务赛项实训耗材预算清单"]
[]
["序号","项目名称","数量","单价","单位","参数（规格型号）","合计（单位：元）","备注"]
[1,"模拟菜单",1,500,"套","定制",{"$f":"C4*D4","v":500}]
[2,"主题摆件",5,800,"套","定制",4000]
[3,"桌椅套装",2,998,"套","直径180cm\n台布+装饰布+椅套+餐巾",1996]
[4,"餐具套装",3,850,"套","每套包含骨碟10个，味碟10个，汤碗10个，汤匙10个，筷架10个，长柄杓10个，红酒杯10个，水杯10个，白酒杯10个，筷子20双，公勺、公筷2套。",2550]
[5,"筷子套装",1,560,"套","牙签+筷套",560]
[6,"教学道具",3,400,"套","比赛定制服装",1200]
[7,"收纳箱",10,98,"个","茶花牌，特大,带轮",980]
[8,"读卡器",1,980,"个","定制",980]
[9,"红酒",6,20,"瓶","750ml",120]
[10,"白酒",2,30,"瓶","500ml",60]
[11,"饮料",10,5,"听","服务练习碳酸饮料\n听装,330ml",50]
[12,"其他耗品",1,970,"套","哈密瓜，猕猴桃，芒果，苹果，橙子，火龙果，木瓜，香蕉，西瓜，菠萝",970]
["合计",{"$nulls":5},{"$f":"SUM(G4:G15)","v":13966}]